[Event "Istanbul (ol)"]
[Site "?"]
[Date "2000.??.??"]
[Round "?"]
[White "Arencibia, W."]
[Black "Ye, Jiangchuan"]
[Result "1-0"]
[WhiteElo "2510"]
[BlackElo "2670"]
[PlyCount "63"]
[EventDate "2000.??.??"]
[Source "Chess Informant"]
[SourceDate "2000.10.01"]

1. d4 Nf6 2. c4 g6 3. Nc3 Bg7 4. e4 d6 5. f4 O-O 6. Nf3 Na6 7. Be2 e5 8. fxe5 dxe5 9. d5 c6 10. O-O cxd5 11. cxd5 Bd7 12. Nxe5 Nxe4 13. Nxd7 Nxc3 14. bxc3 Qxd7 15. Ba3 Rfd8 16. Bxa6 bxa6 17. c4 Bxa1 18. Qxa1 Qa4 19. Qc3 Rab8 20. Be7 Rd7 21. Qf6 Rxe7 22. Qxe7 Rf8 23. Qc7 Qxa2 24. d6 Qd2 25. c5 Qd4+ 26. Kh1 a5 27. d7 a4 28. h3 a3 29. Rxf7 Ra8 30. Re7 Kf8 31. Rxh7 Kg8 32. d8=Q+ 1-0

[Event "Kilkenny 74/580"]
[Site "?"]
[Date "1998.??.??"]
[Round "?"]
[White "Lalic, Bogdan"]
[Black "Hebden, Mark"]
[Result "1-0"]
[WhiteElo "2560"]
[BlackElo "2590"]
[PlyCount "83"]
[Source "ChessBase"]
[SourceDate "1998.10.01"]

1. d4 Nf6 2. c4 g6 3. Nc3 Bg7 4. e4 d6 5. f4 O-O 6. Nf3 Na6 7. e5 Nh5 8. Be2 c5 9. d5 Bh6 10. g3 e6 11. dxe6 Bxe6 12. exd6 Bg7 13. O-O Bh3 14. Rf2 Nf6 15. Bf1 Bxf1 16. Kxf1 Re8 17. Ne5 Re6 18. Qf3 Rb8 19. Nb5 Nd7 20. Nxd7 Qxd7 21. f5 gxf5 22. Bf4 Re4 23. Nc3 Bxc3 24. Qxc3 Rbe8 25. Rd1 Nb4 26. Kg2 R8e6 27. a3 Nc6 28. Rd5 b6 29. Rxf5 Nd4 30. Rg5+ Rg6 31. Rd5 Re8 32. b4 Qc6 33. bxc5 bxc5 34. Qa5 Ne6 35. Qxa7 Ra8 36. Qe7 Re8 37. Qh4 f6 38. h3 Nf8 39. Qh5 Nd7 40. Re2 Nb6 41. d7 Rd8 42. Re7 1-0

[Event "Bad Homburg"]
[Site "Bad Homburg"]
[Date "1997.??.??"]
[Round "5"]
[White "Gabriel, Christian"]
[Black "Kindermann, Stefan"]
[Result "1/2-1/2"]
[WhiteElo "2575"]
[BlackElo "2570"]
[PlyCount "85"]
[EventDate "1997.07.26"]
[Source "ChessBase"]
[SourceDate "1997.10.13"]

1. d4 Nf6 2. c4 g6 3. Nc3 Bg7 4. e4 d6 5. f4 O-O 6. Nf3 Na6 7. Be2 e5 8. dxe5 dxe5 9. Qxd8 Rxd8 10. Nxe5 Nc5 11. Nd5 Nxd5 12. exd5 Re8 13. Be3 Bxe5 14. fxe5 Rxe5 15. Kf2 Ne4+ 16. Kf3 Bg4+ 17. Kf4 Rae8 18. Bxg4 Nf6 19. Bxa7 Re4+ 20. Kf3 Nxg4 21. h3 Nf6 22. b3 Nh5 23. g4 Nf4 24. Rad1 b6 25. Rhe1 Rxe1 26. Rxe1 Rxe1 27. Kxf4 Re8 28. d6 cxd6 29. Bxb6 Kf8 30. a4 Ke7 31. a5 h6 32. a6 Kd7 33. b4 Re2 34. a7 Re8 35. b5 Ra8 36. Ke4 Kc8 37. Kd5 Kb7 38. Bd4 Rc8 39. Be3 f5 40. gxf5 gxf5 41. Bxh6 Rh8 42. Bf4 Kxa7 43. Kxd6 1/2-1/2

[Event "GRE-chT 29th"]
[Site "Athens"]
[Date "2000.07.13"]
[Round "8"]
[White "Banikas, Hristos"]
[Black "Spasov, Vasil"]
[Result "0-1"]
[WhiteElo "2542"]
[BlackElo "2593"]
[PlyCount "112"]
[EventDate "2000.07.06"]
[Source "www.chesslib.no"]
[SourceDate "2004.05.04"]

1. d4 Nf6 2. c4 g6 3. Nc3 Bg7 4. e4 d6 5. f4 O-O 6. Nf3 Na6 7. Bd3 Bg4 8. Be3 c5 9. d5 e6 10. dxe6 fxe6 11. O-O Nb4 12. Be2 Nc6 13. Ng5 Bxe2 14. Qxe2 Qe7 15. Rad1 Nd4 16. Bxd4 cxd4 17. Nb5 Nh5 18. Qg4 Rae8 19. c5 dxc5 20. e5 Bh6 21. Nd6 Bxg5 22. Nxe8 Bh6 23. Nf6+ Nxf6 24. exf6 Qxf6 25. g3 Qf5 26. Qe2 Qd5 27. b3 Bg7 28. Rfe1 Kf7 29. Qc4 Rd8 30. Re2 Bf6 31. Rc2 b6 32. Qd3 Rd6 33. h4 h5 34. Kh2 Qf5 35. Kg2 Ke7 36. Rcc1 Qxd3 37. Rxd3 Kd7 38. Kf3 Kc6 39. Ke4 b5 40. Rc2 Rd7 41. Rd1 Kd6 42. Rdc1 Rc7 43. a4 a6 44. axb5 axb5 45. Ra1 c4 46. bxc4 bxc4 47. Ra6+ Kd7 48. Rca2 d3 49. Ke3 Be7 50. Kd4 Bb4 51. Ra1 d2 52. R6a2 Ke7 53. Rc2 c3 54. Kd3 Rd7+ 55. Kc4 Ba3 56. Rd1 Bb2 0-1

[Event "CRO-chT"]
[Site "Porec"]
[Date "1998.09.14"]
[Round "8"]
[White "Lalic, Bogdan"]
[Black "Kozul, Zdenko"]
[Result "1-0"]
[WhiteElo "2560"]
[BlackElo "2570"]
[PlyCount "75"]
[EventDate "1998.09.??"]
[Source "www.chesslib.no"]
[SourceDate "2004.05.04"]

1. d4 Nf6 2. c4 g6 3. Nc3 Bg7 4. e4 d6 5. f4 O-O 6. Nf3 Bg4 7. Be2 Nfd7 8. Be3 Bxf3 9. Bxf3 Nc6 10. e5 Na5 11. Qe2 c5 12. O-O-O Nc6 13. dxc5 dxe5 14. fxe5 Qc8 15. e6 fxe6 16. h4 Nce5 17. h5 Nxf3 18. gxf3 Rf5 19. hxg6 hxg6 20. Ne4 Qc6 21. Bh6 Bf6 22. Qg2 Kf7 23. Bg5 Bg7 24. Be3 Rg8 25. Kb1 Rh8 26. Rhg1 Nf8 27. Bc1 Qc7 28. Rde1 Rh2 29. Nd6+ exd6 30. Qxh2 Qxc5 31. Qe2 a6 32. Rd1 Bd4 33. Rg4 e5 34. f4 Qc6 35. Rh4 Kg7 36. fxe5 dxe5 37. Be3 Qf6 38. Rhxd4 1-0

[Event "Niksic"]
[Site "Niksic"]
[Date "2000.??.??"]
[Round "?"]
[White "Komarov, Dimitri"]
[Black "Motylev, Alexander"]
[Result "1/2-1/2"]
[WhiteElo "2568"]
[BlackElo "2552"]
[PlyCount "30"]
[EventDate "2000.??.??"]
[Source "www.chesslib.no"]
[SourceDate "2004.05.04"]

1. d4 Nf6 2. c4 g6 3. Nc3 Bg7 4. e4 d6 5. f4 O-O 6. Nf3 Na6 7. Bd3 Bg4 8. O-O Nd7 9. Be3 e5 10. fxe5 c5 11. d5 Nxe5 12. Be2 Nxf3+ 13. Bxf3 Bd7 14. Qd2 Nc7 15. Bf4 Qe7 1/2-1/2

[Event "CRO Cup"]
[Site "Pula"]
[Date "2002.05.09"]
[Round "3"]
[White "Cebalo, Miso"]
[Black "Kozul, Zdenko"]
[Result "1-0"]
[WhiteElo "2515"]
[BlackElo "2595"]
[PlyCount "101"]
[EventDate "2002.05.07"]
[Source "ChessBase"]
[SourceDate "2002.07.08"]

1. d4 Nf6 2. c4 g6 3. Nc3 Bg7 4. e4 d6 5. f4 O-O 6. Nf3 Na6 7. e5 Nd7 8. Be2 c5 9. exd6 exd6 10. d5 Nb6 11. O-O Bg4 12. h3 Bxf3 13. Rxf3 f5 14. Be3 Nd7 15. Qc2 Nf6 16. a3 Nc7 17. Bd3 Kh8 18. Bf2 a6 19. Re1 b5 20. cxb5 axb5 21. Bxb5 Nxb5 22. Nxb5 Ne4 23. a4 Qa5 24. b3 c4 25. Qxc4 Nd2 26. Qd3 Nxf3+ 27. Qxf3 Qb4 28. Re6 Rac8 29. Qe3 Kg8 30. Rxd6 Qe4 31. Qxe4 fxe4 32. Rc6 Rb8 33. Be3 Rf5 34. d6 Rd5 35. Rc4 Re8 36. Kf2 Rd3 37. Ke2 Rxb3 38. d7 Rf8 39. Rxe4 Rb2+ 40. Kf3 Bf6 41. Re6 Kf7 42. Rxf6+ Kxf6 43. Bd4+ Ke6 44. Bxb2 Kxd7 45. Be5 Rc8 46. Nc7 Rb8 47. a5 Rb3+ 48. Kg4 Ra3 49. a6 h6 50. h4 Kc6 51. h5 1-0

[Event "Koop Tjuchem op"]
[Site "Groningen"]
[Date "1996.??.??"]
[Round "8"]
[White "Milos, Gilberto"]
[Black "Peng Xiaomin"]
[Result "0-1"]
[WhiteElo "2605"]
[BlackElo "2490"]
[PlyCount "106"]
[EventDate "1996.12.20"]
[Source "www.chesslib.no"]
[SourceDate "2004.05.04"]

1. d4 Nf6 2. c4 g6 3. Nc3 Bg7 4. e4 d6 5. f4 O-O 6. Nf3 c5 7. dxc5 Qa5 8. Bd3 Qxc5 9. Qe2 Bg4 10. Be3 Qa5 11. O-O Nc6 12. Rac1 Nd7 13. Qf2 Bxf3 14. gxf3 Nc5 15. Bb1 Na4 16. Nd1 Nc5 17. Nc3 Na4 18. Nxa4 Qxa4 19. Rfd1 Rfd8 20. h4 Qb4 21. b3 a5 22. c5 a4 23. bxa4 dxc5 24. Bxc5 Qxa4 25. Rxd8+ Rxd8 26. Kg2 Bd4 27. Bxd4 Rxd4 28. Rc2 Rd7 29. Rd2 Rxd2 30. Qxd2 Qb5 31. Bd3 Qc5 32. Bf1 Nd4 33. a4 b6 34. Kg3 Ne6 35. Bh3 Qg1+ 36. Bg2 Qa1 37. Qb4 Qc1 38. Qxb6 Qxf4+ 39. Kf2 Qd2+ 40. Kg1 Qd1+ 41. Kh2 Qxa4 42. Qb8+ Nf8 43. h5 Qd4 44. hxg6 hxg6 45. Qc7 Qf6 46. Bh3 e5 47. Bg4 Qf4+ 48. Kg2 Nh7 49. Qb8+ Kg7 50. Qc7 Nf6 51. Be6 Nh5 52. Bg4 Qg3+ 53. Kf1 Nf6 0-1

[Event "St del Esterol m 5'"]
[Site "St del Esterol"]
[Date "1987.??.??"]
[Round "7"]
[White "Tal, Mikhail N"]
[Black "Quinteros, Miguel A"]
[Result "0-1"]
[WhiteElo "2605"]
[BlackElo "2490"]
[PlyCount "90"]
[EventDate "1987.??.??"]
[Source "www.chesslib.no"]
[SourceDate "2004.05.04"]

1. d4 Nf6 2. c4 g6 3. Nc3 Bg7 4. e4 d6 5. f4 O-O 6. Nf3 c5 7. dxc5 Qa5 8. Bd3 Qxc5 9. Qe2 Bg4 10. Be3 Qa5 11. O-O Nc6 12. a3 Nd7 13. b4 Qh5 14. Rac1 Nd4 15. Qf2 Nxf3+ 16. gxf3 Bh3 17. Rfd1 a6 18. Kh1 f5 19. Nd5 Rf7 20. c5 fxe4 21. fxe4 Raf8 22. Nxe7+ Rxe7 23. cxd6 Ree8 24. Bc4+ Kh8 25. Rd5 Qg4 26. Rg1 Qe6 27. Rd4 Qf6 28. Qg3 Be6 29. e5 Qf7 30. Bf1 Bd5+ 31. Bg2 Bxg2+ 32. Qxg2 b5 33. Qd5 Qf5 34. Rc1 Rf7 35. Qe4 Qh3 36. Rd3 Nxe5 37. fxe5 Rxe5 38. d7 Rxe4 39. d8=Q+ Rf8 40. Qxf8+ Bxf8 41. Bd4+ Rxd4 42. Rxh3 Be7 43. Rc6 Kg7 44. Rxa6 h5 45. Rb6 h4 0-1

[Event "CRO Ch"]
[Site "?"]
[Date "2005.11.07"]
[Round "1"]
[White "Cebalo Miso"]
[Black "Kozul Zdenko"]
[Result "1-0"]
[WhiteElo "2512"]
[BlackElo "2576"]
[PlyCount "121"]
[EventDate "2005.??.??"]
[Source "www.chesslib.no"]
[SourceDate "2004.05.04"]

1. d4 Nf6 2. c4 g6 3. Nc3 Bg7 4. e4 d6 5. f4 O-O 6. Nf3 Na6 7. e5 Nd7 8. Be2 c5 9. exd6 exd6 10. O-O Nb6 11. d5 f5 12. Bd2 Nd7 13. a3 Nf6 14. Bd3 Kh8 15. Qc2 Nc7 16. Rae1 Bd7 17. h3 Re8 18. Ng5 Kg8 19. b4 b6 20. Kh2 Rxe1 21. Rxe1 Qf8 22. bxc5 bxc5 23. a4 a6 24. a5 Re8 25. Rxe8 Qxe8 26. Qb1 Qc8 27. Bc2 h6 28. Nf3 Be8 29. Qb6 Bf8 30. Ba4 Nd7 31. Qb3 Qb8 32. Qxb8 Nxb8 33. g4 Bxa4 34. Nxa4 fxg4 35. hxg4 Nd7 36. g5 hxg5 37. fxg5 Be7 38. Nb6 Nf8 39. Bf4 Ne8 40. Nd2 Bd8 41. Ne4 Bc7 42. Kg2 Kf7 43. Nc8 Nd7 44. Ncxd6+ Nxd6 45. Bxd6 Bxa5 46. Nxc5 Nxc5 47. Bxc5 Bd2 48. Kf3 Bxg5 49. Bb6 Ke8 50. Ke4 Bd8 51. Bd4 Kd7 52. c5 Be7 53. c6+ Kc7 54. Ke5 a5 55. Ke6 Bb4 56. Be5+ Kc8 57. Bd6 Bd2 58. Bc5 Kc7 59. Bb6+ Kxb6 60. Kd7 Bf4 61. d6 1-0

[Event "Jugoslavija (ch) 72/514"]
[Site "?"]
[Date "1998.??.??"]
[Round "?"]
[White "Djuric, Stefan"]
[Black "Ilincic, Zlatko"]
[Result "0-1"]
[WhiteElo "2520"]
[BlackElo "2565"]
[PlyCount "114"]
[EventDate "1998.??.??"]
[Source "ChessBase"]
[SourceDate "1998.02.01"]

1. d4 Nf6 2. c4 g6 3. Nc3 Bg7 4. e4 d6 5. f4 O-O 6. Nf3 Na6 7. Be2 e5 8. O-O exd4 9. Nxd4 Re8 10. Bf3 Nc5 11. Re1 Bg4 12. Nc2 Bxf3 13. Qxf3 c6 14. Rb1 Qe7 15. e5 dxe5 16. Rxe5 Qd6 17. Be3 Rxe5 18. fxe5 Qxe5 19. Bd4 Qe7 20. Re1 Ne6 21. Bf2 Qc7 22. h3 Nd7 23. Rd1 Ne5 24. Qe2 Rd8 25. Rxd8+ Qxd8 26. Bxa7 Nd3 27. Ne3 Ndf4 28. Qf2 Qa5 29. Bb8 Nd3 30. Qd2 Nxb2 31. Qxb2 Bxc3 32. Qe2 Be5 33. Bxe5 Qxe5 34. Qd2 Qd4 35. Qe1 f5 36. Kh1 Kf7 37. Qc1 Nf4 38. c5 Ne2 39. Qc4+ Qxc4 40. Nxc4 Ng3+ 41. Kh2 Ne4 42. g4 fxg4 43. hxg4 Ke6 44. Kg2 Nxc5 45. Kf3 Kd5 46. Nb6+ Kd4 47. a4 Ne6 48. Nd7 c5 49. Nf6 c4 50. Ke2 c3 51. Kd1 Kd3 52. Nd7 c2+ 53. Kc1 Nd4 54. Nc5+ Kc4 55. Ne4 h5 56. gxh5 gxh5 57. a5 h4 0-1

[Event "Open"]
[Site "Reykjavik op"]
[Date "1986.??.??"]
[Round "7"]
[White "Hjartarson, Johann"]
[Black "Larsen, Bent"]
[Result "0-1"]
[WhiteElo "2505"]
[BlackElo "2575"]
[PlyCount "33"]
[EventDate "1986.??.??"]
[Source "www.chesslib.no"]
[SourceDate "2004.05.04"]

1. d4 Nf6 2. c4 c5 3. d5 g6 4. Nc3 d6 5. e4 Bg7 6. f4 O-O 7. Nh3 e6 8. Qd2 Re8 9. g3 Nc6 10. Be2 a6 11. a4 b6 12. g4 Ra7 13. Ra3 Rae7 14. Bf1 Nd4 15. Nd1 Bb7 16. Qf2 Rc7 17. Qe2 0-1

[Event "Biel op"]
[Site "Biel"]
[Date "1995.??.??"]
[Round "10"]
[White "Vaisser, Anatoli"]
[Black "Golubev, Mihail"]
[Result "1/2-1/2"]
[WhiteElo "2555"]
[BlackElo "2525"]
[PlyCount "72"]
[EventDate "1995.07.??"]
[Source "ChessBase"]

1. d4 Nf6 2. c4 g6 3. Nc3 Bg7 4. e4 d6 5. f4 O-O 6. Nf3 Na6 7. e5 Nd7 8. Be2 c5 9. exd6 exd6 10. d5 Nc7 11. O-O b5 12. f5 bxc4 13. fxg6 fxg6 14. Bg5 Nf6 15. Nd2 h6 16. Bh4 a6 17. a4 g5 18. Bg3 Nfxd5 19. Nxd5 Nxd5 20. Bxc4 Rxf1+ 21. Nxf1 Be6 22. Bxd5 Bd4+ 23. Bf2 Bxd5 24. Bxd4 cxd4 25. Qxd4 Be6 26. Re1 Qe7 27. Ng3 Rf8 28. Qe4 Qa7+ 29. Kh1 Bb3 30. Nf5 Kh8 31. Ne7 Rf6 32. Qd3 Qf2 33. Qc3 Kh7 34. h3 g4 35. hxg4 Qh4+ 36. Kg1 Qf2+ 1/2-1/2

[Event "Roses"]
[Site "Roses"]
[Date "1992.??.??"]
[Round "7"]
[White "Spraggett, Kevin B"]
[Black "Marin, Mihail"]
[Result "1-0"]
[WhiteElo "2545"]
[BlackElo "2525"]
[PlyCount "83"]
[EventDate "1992.09.??"]
[Source "www.chesslib.no"]
[SourceDate "2004.05.04"]

1. c4 g6 2. d4 Bg7 3. e4 d6 4. Nc3 Nf6 5. f4 c5 6. dxc5 Qa5 7. Bd3 Qxc5 8. Nf3 Nc6 9. Qe2 Bg4 10. Be3 Qh5 11. O-O O-O 12. h3 Bxf3 13. Rxf3 Nb4 14. a3 Nxd3 15. Qxd3 Rfc8 16. Rd1 Qa5 17. Bd4 e5 18. fxe5 dxe5 19. Bf2 Rd8 20. Qe2 Rxd1+ 21. Qxd1 Qa6 22. c5 Qc4 23. b3 Qe6 24. b4 Re8 25. Nb5 Qc6 26. Nd6 Re6 27. Bh4 Nxe4 28. Nxf7 Nc3 29. Rxc3 Kxf7 30. Rd3 h6 31. Rd7+ Kg8 32. Bf2 a6 33. Be3 Rf6 34. Qd5+ Qxd5 35. Rxd5 Rf7 36. a4 Kf8 37. Rd6 g5 38. c6 bxc6 39. Rxc6 Rf6 40. Rxf6+ Bxf6 41. b5 a5 42. b6 1-0

[Event "Hoogovens-B"]
[Site "Wijk aan Zee"]
[Date "1997.01.28"]
[Round "7"]
[White "Cifuentes Parada, Roberto"]
[Black "Nijboer, Friso"]
[Result "1/2-1/2"]
[WhiteElo "2515"]
[BlackElo "2555"]
[PlyCount "83"]
[EventDate "1997.01.21"]
[Source "ChessBase"]
[SourceDate "1997.04.10"]

1. d4 Nf6 2. c4 g6 3. Nc3 Bg7 4. e4 d6 5. f4 c5 6. dxc5 Qa5 7. Bd3 Nfd7 8. Bd2 Nxc5 9. Bc2 Nc6 10. Nd5 Qd8 11. Bc3 Bxc3+ 12. Nxc3 e5 13. Qd2 Be6 14. b3 exf4 15. Qxf4 Nb4 16. Qd2 Qh4+ 17. g3 Qf6 18. Nge2 Bg4 19. a3 Nxc2+ 20. Qxc2 O-O 21. Rf1 Qg7 22. Rd1 f5 23. b4 Nxe4 24. Nxe4 fxe4 25. Rxf8+ Qxf8 26. Qxe4 Bxe2 27. Qd5+ Qf7 28. Qxf7+ Kxf7 29. Kxe2 Ke6 30. Rd4 a5 31. Re4+ Kd7 32. Kd3 axb4 33. axb4 Ra2 34. Rh4 h5 35. g4 hxg4 36. Rxg4 Rxh2 37. Rxg6 Rh3+ 38. Kd4 Rh4+ 39. Kc3 Rh3+ 40. Kb2 Kc7 41. Rg7+ Kc6 42. Rg6 1/2-1/2

[Event "BUL Ch"]
[Site "Sofia BUL"]
[Date "1996.??.??"]
[Round "4"]
[White "Inkiov, Ventzislav V"]
[Black "Spasov, Vasil V"]
[Result "1/2-1/2"]
[WhiteElo "2500"]
[BlackElo "2570"]
[PlyCount "79"]
[EventDate "1996.??.??"]
[Source "www.chesslib.no"]
[SourceDate "2004.05.04"]

1. d4 Nf6 2. c4 g6 3. Nc3 Bg7 4. e4 d6 5. f4 O-O 6. Nf3 Na6 7. Bd3 e5 8. fxe5 dxe5 9. d5 c6 10. O-O cxd5 11. cxd5 Ne8 12. Be3 Nd6 13. Nb5 Nxb5 14. Bxb5 Nc7 15. Bd3 Ne8 16. Nd2 f5 17. Qb3 Nd6 18. Nc4 b6 19. Nxd6 Qxd6 20. Rac1 Bd7 21. Bd2 a5 22. Be3 Rab8 23. Qa3 Qxa3 24. bxa3 fxe4 25. Ba6 Rxf1+ 26. Kxf1 Bf8 27. Rc7 Bf5 28. a4 Bd6 29. Rc6 Bc5 30. Bxc5 bxc5 31. Bb5 Kf7 32. Rc7+ Kf6 33. Rxc5 Ke7 34. Rc6 Rd8 35. Bc4 Bd7 36. Ra6 Bxa4 37. Rxa5 Bc2 38. Rc5 Bd3+ 39. Kf2 Bxc4 40. Rxc4 1/2-1/2

[Event "BUL Ch"]
[Site "Sofia BUL"]
[Date "1996.??.??"]
[Round "4"]
[White "Inkiov, Ventzislav V"]
[Black "Spasov, Vasil V"]
[Result "1-0"]
[WhiteElo "2500"]
[BlackElo "2570"]
[PlyCount "95"]
[EventDate "1996.??.??"]
[Source "www.chesslib.no"]
[SourceDate "2004.05.04"]

1. d4 Nf6 2. c4 g6 3. Nc3 Bg7 4. e4 d6 5. f4 O-O 6. Nf3 Bg4 7. Be2 Nfd7 8. Be3 e5 9. fxe5 dxe5 10. d5 Bxf3 11. Bxf3 Bh6 12. Bf2 a5 13. O-O Na6 14. a3 Qe7 15. Rb1 Bg5 16. b4 axb4 17. axb4 b6 18. Nb5 h5 19. Qb3 Bd2 20. Be1 Bxe1 21. Rfxe1 Nf6 22. Re2 Nb8 23. Qc3 c6 24. d6 Qd8 25. Nc7 Nbd7 26. Nxa8 Qxa8 27. Ra1 Qb8 28. c5 Kg7 29. h3 Nh7 30. Rea2 bxc5 31. bxc5 Ng5 32. Ra5 Ne6 33. Be2 Qd8 34. Qe3 Nf4 35. Bf1 Qf6 36. Ra7 Rd8 37. Rc7 Ne6 38. Rxc6 Rb8 39. Rd1 Rb2 40. Rc7 Nxc7 41. dxc7 Qc6 42. Qc3 Ra2 43. Bb5 Qxb5 44. c8=Q Rxg2+ 45. Kxg2 Qe2+ 46. Kg1 Qxd1+ 47. Kf2 Nf6 48. Qb7 1-0

[Event "Elista ol (Men)"]
[Site "Elista"]
[Date "1998.10.06"]
[Round "8"]
[White "Papaioannou, Ioannis"]
[Black "Kazhgaleyev, Murtas"]
[Result "1-0"]
[WhiteElo "2520"]
[BlackElo "2550"]
[PlyCount "93"]
[EventDate "1998.09.29"]
[Source "ChessBase"]
[SourceDate "1998.11.06"]

1. d4 Nf6 2. c4 g6 3. Nc3 Bg7 4. e4 d6 5. f4 O-O 6. Nf3 Na6 7. Bd3 Bg4 8. Be3 Nd7 9. h3 Bxf3 10. Qxf3 e5 11. dxe5 dxe5 12. f5 Nb4 13. O-O-O Nc6 14. g4 Nd4 15. Qg2 c6 16. g5 Qc7 17. h4 Rfd8 18. h5 Nf8 19. hxg6 fxg6 20. c5 Qf7 21. Qf1 Kh8 22. Bc4 Qc7 23. f6 b5 24. cxb6 axb6 25. fxg7+ Qxg7 26. Qf7 b5 27. Qxg7+ Kxg7 28. Bb3 Rd6 29. Rhf1 Ra7 30. Kb1 Re7 31. Rf6 Rxf6 32. gxf6+ Kxf6 33. Bxd4 exd4 34. Rxd4 Ke5 35. Rd8 Nd7 36. a3 Kf4 37. Rc8 Ne5 38. Bd5 h5 39. Bxc6 Rf7 40. Bd5 Rh7 41. Rf8+ Ke3 42. Re8 Ng4 43. e5 Kd4 44. Bg8 Rb7 45. e6 Nf6 46. Rf8 Ke5 47. e7 1-0

[Event "San Clemente rpd"]
[Site "?"]
[Date "2000.??.??"]
[Round "6"]
[White "Moskalenko Victor"]
[Black "Hernandez Gilberto"]
[Result "1-0"]
[WhiteElo "2508"]
[BlackElo "2560"]
[PlyCount "61"]
[EventDate "2000.??.??"]
[Source "www.chesslib.no"]
[SourceDate "2004.05.04"]

1. d4 Nf6 2. c4 c5 3. d5 g6 4. Nc3 Bg7 5. e4 d6 6. f4 O-O 7. Bd3 e6 8. dxe6 fxe6 9. Nf3 Nc6 10. O-O Qe7 11. e5 Ng4 12. h3 Nh6 13. Be4 Nd4 14. exd6 Qxd6 15. Nb5 Qb6 16. Nbxd4 cxd4 17. Ne5 Nf7 18. Nxf7 Rxf7 19. Qd3 Bd7 20. Bd2 a5 21. b3 Raf8 22. Rae1 Bc8 23. h4 Bf6 24. g3 Kh8 25. Bg2 Qc7 26. Bc1 Bg7 27. Bb2 Qd6 28. Qe4 b6 29. Rd1 Bb7 30. Bxd4 e5 31. Qxe5 1-0

[Event "SLO-chT"]
[Site "Bled"]
[Date "1999.11.12"]
[Round "5"]
[White "Cebalo, Miso"]
[Black "Kozul, Zdenko"]
[Result "1/2-1/2"]
[WhiteElo "2453"]
[BlackElo "2612"]
[PlyCount "69"]
[EventDate "1999.11.08"]
[Source "www.chesslib.no"]
[SourceDate "2004.05.04"]

1. d4 Nf6 2. c4 g6 3. Nc3 Bg7 4. e4 d6 5. f4 O-O 6. Nf3 Na6 7. Bd3 e5 8. fxe5 dxe5 9. d5 Ne8 10. Bg5 f6 11. Bh4 c5 12. O-O Nd6 13. a3 Qe7 14. Rb1 Bd7 15. b4 Rfc8 16. Qe2 Ne8 17. Nb5 Bf8 18. Be1 Qg7 19. Kh1 Be7 20. Bd2 Bd8 21. Ne1 Bb6 22. Nc2 cxb4 23. axb4 Bxb5 24. cxb5 Nac7 25. Na1 Nd6 26. Nb3 Nce8 27. Rbc1 Rxc1 28. Rxc1 Rc8 29. Nc5 Qe7 30. Qg4 Rc7 31. Be3 Ng7 32. Rf1 Qd8 33. h3 Qe7 34. Qh4 Nge8 35. Kh2 1/2-1/2

[Event "Clarin"]
[Site "Buenos Aires"]
[Date "1979.??.??"]
[Round "7"]
[White "Lombardy, William James"]
[Black "Quinteros, Miguel Angel"]
[Result "1/2-1/2"]
[WhiteElo "2520"]
[BlackElo "2545"]
[PlyCount "50"]
[EventDate "1979.11.??"]
[Source "ChessBase"]

1. c4 g6 2. Nc3 Bg7 3. d4 c5 4. d5 Nf6 5. e4 d6 6. Bd3 O-O 7. f4 e6 8. dxe6 fxe6 9. Nf3 Nc6 10. O-O Nd4 11. Ng5 Qe7 12. Bd2 b6 13. Qe1 Bb7 14. Qh4 h6 15. Nh3 Nd5 16. Qxe7 Nxe7 17. Rad1 a6 18. Nf2 Bc6 19. b3 b5 20. Rfe1 b4 21. Ne2 a5 22. e5 Nxe2+ 23. Rxe2 dxe5 24. fxe5 Nf5 25. Be3 Nxe3 1/2-1/2

[Event "Beograd"]
[Site "?"]
[Date "1988.??.??"]
[Round "?"]
[White "Glek, I."]
[Black "Damljanovic, B."]
[Result "1-0"]
[WhiteElo "2500"]
[BlackElo "2565"]
[PlyCount "53"]
[EventDate "1988.??.??"]
[Source "ChessBase"]
[SourceDate "1988.07.01"]

1. d4 Nf6 2. c4 g6 3. Nc3 Bg7 4. e4 d6 5. f4 O-O 6. Nf3 Bg4 7. Be3 Nfd7 8. h3 Bxf3 9. Qxf3 e5 10. dxe5 dxe5 11. f5 Nc6 12. O-O-O Nd4 13. Qf2 c6 14. g4 Qa5 15. g5 Rfd8 16. h4 Nc5 17. Kb1 b5 18. cxb5 cxb5 19. Bg2 Na4 20. f6 Bf8 21. Nd5 b4 22. Ne7+ Bxe7 23. fxe7 Rdb8 24. Bxd4 exd4 25. Rhf1 f5 26. gxf6 Kf7 27. Qxd4 1-0

[Event "Horgen-B"]
[Site "Horgen"]
[Date "1995.??.??"]
[Round "2"]
[White "Gabriel, Christian"]
[Black "Van Wely, Loek"]
[Result "1/2-1/2"]
[WhiteElo "2475"]
[BlackElo "2585"]
[PlyCount "69"]
[EventDate "1995.10.??"]
[Source "ChessBase"]

1. c4 g6 2. d4 Bg7 3. Nc3 d6 4. e4 Nf6 5. f4 O-O 6. Nf3 c5 7. dxc5 Qa5 8. Bd3 Qxc5 9. Qe2 Bg4 10. Be3 Qa5 11. O-O Nc6 12. Rac1 Nd7 13. Qf2 Nc5 14. Bb1 Bxf3 15. gxf3 Na4 16. Nd1 Nc5 17. Nc3 Na4 18. Nd1 Nc5 19. Kh1 Rac8 20. Nc3 Na4 21. Nxa4 Qxa4 22. b3 Qa6 23. Rg1 e5 24. f5 Bf6 25. h4 Kh8 26. Bg5 Bd8 27. Rg3 Rg8 28. Rcg1 Qb6 29. Qh2 Qc7 30. f6 h5 31. Qd2 Kh7 32. f4 exf4 33. Rd3 Qd7 34. Qxf4 Qe6 35. Qxd6 1/2-1/2

[Event "Benasque op"]
[Site "Benasque"]
[Date "1996.??.??"]
[Round "6"]
[White "Komarov, Dimitri"]
[Black "Georgiev, Vladimir"]
[Result "1-0"]
[WhiteElo "2595"]
[BlackElo "2465"]
[PlyCount "61"]
[EventDate "1996.07.??"]
[Source "ChessBase"]

1. d4 Nf6 2. c4 g6 3. Nc3 Bg7 4. e4 d6 5. f4 O-O 6. Nf3 Na6 7. Be2 e5 8. fxe5 dxe5 9. Nxe5 c5 10. Be3 Ng4 11. Nxg4 cxd4 12. Nh6+ Kh8 13. Bf2 Nb4 14. Nd5 Nxd5 15. exd5 Qa5+ 16. Kf1 Bxh6 17. Bxd4+ Kg8 18. Bc3 Qc5 19. Qd4 Qxd4 20. Bxd4 Re8 21. Kf2 Bf5 22. Bf3 Rac8 23. b3 b6 24. Rhe1 Bg7 25. Bxg7 Kxg7 26. Rxe8 Rxe8 27. b4 Rc8 28. Rc1 Kf6 29. c5 bxc5 30. bxc5 Ke5 31. Re1+ 1-0

[Event "Montpellier op-A"]
[Site "?"]
[Date "1997.??.??"]
[Round "?"]
[White "Djuric Stefan"]
[Black "Shchekachev Andrei"]
[Result "1/2-1/2"]
[WhiteElo "2545"]
[BlackElo "2510"]
[PlyCount "34"]
[EventDate "1997.??.??"]
[Source "www.chesslib.no"]
[SourceDate "2004.05.04"]

1. d4 Nf6 2. c4 g6 3. Nc3 Bg7 4. e4 d6 5. f4 O-O 6. Nf3 c5 7. dxc5 Qa5 8. Bd3 Qxc5 9. Qe2 Bg4 10. Be3 Qa5 11. O-O Nc6 12. Rac1 Nd7 13. Qd2 Bxf3 14. Rxf3 Nc5 15. Bb1 Na4 16. Nxa4 Qxa4 17. Bf2 Qa5 1/2-1/2

[Event "II open"]
[Site "Solsones"]
[Date "2004.08.19"]
[Round "8"]
[White "Moskalenko, Viktor"]
[Black "Grigore, George Gabriel"]
[Result "1/2-1/2"]
[WhiteElo "2544"]
[BlackElo "2507"]
[PlyCount "77"]
[EventDate "2004.08.13"]
[Source "Roberto Alvarez"]
[SourceDate "2004.08.30"]

1. d4 Nf6 2. c4 g6 3. Nc3 Bg7 4. e4 d6 5. f4 c5 6. d5 O-O 7. Bd3 e6 8. dxe6 fxe6 9. Nf3 Nc6 10. O-O Nd4 11. Nxd4 cxd4 12. Nb5 a6 13. Nxd6 Qxd6 14. e5 Qc7 15. exf6 Rxf6 16. Bd2 Bd7 17. b4 e5 18. Qf3 Bc6 19. Be4 Raf8 20. Bd5+ Kh8 21. Bxc6 bxc6 22. Rae1 exf4 23. Re4 g5 24. Rxd4 Rg6 25. Re4 g4 26. Qe2 f3 27. Qe3 Qd7 28. Bc3 Bxc3 29. Qxc3+ Qg7 30. Qxg7+ Kxg7 31. Rd1 h5 32. c5 fxg2 33. Re7+ Kh6 34. Ra7 Rf4 35. Rxa6 Rxb4 36. Rd6 Rxd6 37. cxd6 Rd4 38. Rxc6 Rd2 39. d7+ 1/2-1/2